| 000 | 00707nam a2200205Ii 4500 | ||
|---|---|---|---|
| 003 | JO-AjNU | ||
| 008 | 230605s9999||||xx |||||||||||||| ||und|| | ||
| 040 |
_aJO-AjNU _bara _erda _cJO-AjNU |
||
| 041 | _aara | ||
| 050 | 1 | 4 | _aML100.Y68 1994 |
| 100 | 3 |
_aعيد،يوسف تأليف / عكاري ،انطوان م.مشارك, _eauthor _919608 |
|
| 245 | 0 | 0 | _aالموسوعة الموسيقية الشاملة |
| 250 | _aط1 | ||
| 264 | 3 | 1 | _aبيروت: دار الفكر اللبناني،1994 |
| 300 | _a288ص | ||
| 336 |
_atext _btxt _2rdacontent |
||
| 337 |
_aunmediated _bn _2rdamedia |
||
| 338 |
_avolume _bnc _2rdacarrier |
||
| 650 | 4 |
_aالالات العربية والغربية-موسيقى _919609 |
|
| 999 |
_aA6500 _c10068 _d10068 |
||